000 00631nam a2200277Ia 4500
005 20260324131231.0
008 008 260324s9999 xx 000 0 eng d
020 _a9780203799529
037 _aEBOOK
040 _aCRL
040 _beng
040 _cCRL
041 _2eng
041 _aeng
084 _qCRL
100 _aKevin H. Zhang
_91184734
245 0 _aChina as the World Factory
260 _bTaylor and Francis
260 _c2006
365 _a
365 _b74.99
856 _uhttp://www.taylorfrancis.com/books/9780203799529
942 _cEBOOK
999 _c1781705
_d1781705